Score 0/22 Timer 02:00
0 Plays Today
Clue 3-Letter Word % Correct
📺 Foreign exchange student who loves candy 📺
or A Moroccan style hat
📺 FEZ 📺
91.2%
Sweets in a collectible dispenserPEZ
87.7%
House cat, e.g.PET
86.8%
📺 ___ Forman, Eric's dad 📺
or One of three primary colors
📺 RED 📺
82.1%
📺 ___ Hyde Jr., Steven's stepdad 📺
or 'Nip it in the ___'
📺 BUD 📺
79.6%
Net-touching serve in tennisLET
75.4%
Mattress siteBED
73.8%
Constricting snakeBOA
73.3%
📺 ___ Chingkwake, hippie who owns a Foto Hut 📺
or A lion in terms of the Zodiac
📺 LEO 📺
73.2%
Michael Jackson albumBAD
71.3%
📺 ___ Sigurdson, Kitty Forman's mother 📺
or 'Golden Girls' actress Arthur
📺 BEA 📺
68%
Clue 3-Letter Word % Correct
Borrow, as a cigaretteBUM
67.9%
📺 ___ Burkhart, Jackie's mom 📺
or A brand of no-stick cooking spray
📺 PAM 📺
67.8%
'Spare the ___, spoil the child'ROD
64.1%
📺 ___ Pinciotti, Donna's dad 📺
or To float at the water's surface
📺 BOB 📺
61.9%
Block of paperPAD
61.6%
Sugar cane spiritRUM
61.5%
Data storage acronymROM
55.1%
📺 ___ Keen, socially challenged kitchen manager 📺
or Cowboy singer/actor Rogers
📺 ROY 📺
44.6%
Vientiane citizenLAO
43.9%
To flee hastilyLAM
42.9%
With [next rung]: Scottish folk heroROB
41.7%

Today's Daily Dose

Missing Word
Boxers

Quick Pick
Rise or Fall?

You're not logged in!

Compare scores with friends on all Sporcle quizzes.
OR
Log In

Sporcle TV

Today on Sporcle TV


Watch our educational content, quiz creation guides, and fun videos on Sporcle TV.

Show Comments

Extras

Top Quizzes Today


Score Distribution

Paid Content

Your Account Isn't Verified!

In order to create a playlist on Sporcle, you need to verify the email address you used during registration. Go to your Sporcle Settings to finish the process.

Report this User

Report this user for behavior that violates our Community Guidelines.

Details: